Statistics for Royal Dynasties of England

Click here to take the quiz!

General Stats

  • This quiz has been taken 83 times
  • The average score is 12 of 15

Answer Stats

YearHintAnswer% Correct
1485House of Tud__House of Tudor
100%
1917House of Win____House of Windsor
99%
1461House of Yo__House of York
97%
1399House of Lanc_____House of Lancaster
95%
1603 | 1660House of Stu___House of Stuart
95%
1714House of Han____House of Hanover
90%
1154House of Anj__House of Anjou
86%
1901House of S___-Coburg & GothaHouse of Saxe-Coburg & Gotha
83%
1216House of Plantag____House of Plantagenet
81%
1066House of Nor_____House of Normandy
74%
871House of Wes___House of Wessex
67%
1135House of Blo__House of Blois
67%
1649Common______ of EnglandCommonwealth of England
65%
1013House of Knytl____House of Knytlinga
9%

Score Distribution

Percentile by Number Answered

Percent of People with Each Score

Your Score History

You have not taken this quiz